Ubungen zur projektiven geometrie

Αποθηκεύτηκε σε:
Λεπτομέρειες βιβλιογραφικής εγγραφής
Κύριος συγγραφέας: Herrmann, Horst, 1906-1973
Μορφή: Βιβλίο
Γλώσσα:English
Δημοσίευση: Basel : Birkhauser, 1952
Σειρά:Lehrbucher und Monographien aus dem Gebiete der exakten Wissenschaften. Mathematische Reihe ; ; 18
Θέματα:
Ετικέτες: Προσθήκη ετικέτας
Δεν υπάρχουν, Καταχωρήστε ετικέτα πρώτοι!

MARC

LEADER 00000cam a2200000 i 4500
001 1/4859
008 100224s1952 eng d
035 |l 10106955 
040 |a GR-MY-UA  |b gre  |e aacr 
041 0 |a eng 
082 0 |a 516.5  |2 (22) 
100 1 |a Herrmann, Horst,   |d 1906-1973. 
245 1 0 |a Ubungen zur projektiven geometrie /  |c Horst Herrmann 
260 |a Basel :   |b Birkhauser,   |c 1952 
300 |a 167 σ.;  |b σχέδια;  |c 25 εκ. 
490 1 |a Lehrbucher und Monographien aus dem Gebiete der exakten Wissenschaften. Mathematische Reihe  |v ; 18 
505 0 |a Mit 90 Bildern im Text und 4 Raumbildern 
650 0 0 |a Geometry, Projective. 
830 0 |a Lehrbucher und Monographien aus dem Gebiete der exakten Wissenschaften. Mathematische Reihe ;  |v ; 18 
852 |a INST  |b SAMOS  |c MAG  |e 20100224  |h 516.5 HER  |p 005300030557  |q 005300030557  |t BK  |y 0 
901 |a BIBL3-2010-1 
909 |a Σ  |b 161893 
970 |a ΡΟΥΣΣΟΥ  |b ΚΩΝΣΤΑΝΤΙΝΑ  |z 2010/02/24